|
|
|
|
| LEADER |
01898nam a2200529 a 4500 |
| 001 |
nkc20132519355 |
| 003 |
CZ PrNK |
| 005 |
20160819235016.0 |
| 007 |
ta |
| 008 |
131111s2013 xr e 001 0 cze |
| 015 |
|
|
|a cnb002519355
|
| 020 |
|
|
|a 978-80-7007-395-7
|q (brož.)
|
| 035 |
|
|
|a (OCoLC)867821254
|
| 040 |
|
|
|a ABA001
|b cze
|
| 041 |
1 |
|
|a cze
|b eng
|h eng
|h fre
|
| 072 |
|
7 |
|a 81
|x Lingvistika. Jazyky
|2 Konspekt
|9 11
|
| 080 |
|
|
|a 81:1
|2 MRF
|
| 080 |
|
|
|a 81
|2 MRF
|
| 080 |
|
|
|a 316.77
|2 MRF
|
| 080 |
|
|
|a (0:82-9)
|2 MRF
|
| 080 |
|
|
|a (082.21)
|2 MRF
|
| 245 |
0 |
0 |
|a Soukromé jazyky: čítanka /
|c Ondřej Beran (ed.) ; [z anglických a francouzského originálu přeložil a úvodem opatřil Ondřej Beran]
|
| 250 |
|
|
|a Vyd. 1.
|
| 260 |
|
|
|a Praha :
|b Filosofia,
|c 2013
|
| 300 |
|
|
|a 197 s. ;
|c 21 cm
|
| 504 |
|
|
|a Obsahuje bibliografii, bibliografické odkazy a rejstřík
|
| 546 |
|
|
|a Anglické resumé
|
| 550 |
|
|
|a Vydavatel: Filozofický ústav AV ČR
|
| 650 |
0 |
7 |
|a filozofie jazyka
|7 ph114543
|2 czenas
|
| 650 |
0 |
7 |
|a jazyk
|7 ph114818
|2 czenas
|
| 650 |
0 |
7 |
|a komunikace (sdělování)
|7 ph114956
|2 czenas
|
| 650 |
0 |
9 |
|a philosophy of language
|2 eczenas
|
| 650 |
0 |
9 |
|a language
|2 eczenas
|
| 650 |
0 |
9 |
|a human communication
|2 eczenas
|
| 653 |
0 |
|
|a soukromé jazyky
|
| 655 |
|
7 |
|a texty
|7 fd133699
|2 czenas
|
| 655 |
|
7 |
|a antologie
|7 fd131819
|2 czenas
|
| 655 |
|
9 |
|a texts
|2 eczenas
|
| 655 |
|
9 |
|a apologias
|2 eczenas
|
| 700 |
1 |
|
|a Beran, Ondřej,
|d 1979-
|7 jx20100602006
|4 edt
|4 trl
|4 wfw
|
| 710 |
2 |
|
|a Filosofický ústav (Akademie věd ČR)
|7 kn20010709007
|
| 856 |
4 |
1 |
|u http://www.digitalniknihovna.cz/mzk/uuid/uuid:f02af1a0-4818-11e6-ab2f-005056827e52
|y Digitalizovaný dokument
|x NDK
|
| 910 |
2 |
|
|a BOA001
|b 2-1315.202
|
| 990 |
|
|
|a BK
|
| 995 |
|
|
|a 01
|
| 991 |
|
|
|b 201312
|c NOV
|e n
|
| 996 |
6 |
|
|b 2610572031
|c 2-1315.202
|l MZK
|r Sklad / do 1 hodiny
|n 0
|p p.v.
|w 001385433
|u 000010
|a 1
|e BOA001
|j MZK50
|s P
|